[Event "Santa Fe Rafaela U2200 op"]
[Site "Santa Fe"]
[Date "2019.05.04"]
[Round "2.1"]
[White "Lares, Agustin Jose"]
[Black "Grospietro, Patricio Alejandro"]
[Result "1-0"]
[WhiteElo "2150"]
[BlackElo "1742"]
[PlyCount "115"]
[EventDate "2019.05.04"]
[EventType "swiss"]
[EventRounds "6"]
[EventCountry "ARG"]
[SourceTitle "EXT 2024"]
[Source "ChessBase"]
[SourceDate "2023.10.10"]
[SourceVersion "1"]
[SourceVersionDate "2023.10.10"]
[SourceQuality "1"]

1. e4 e6 2. Nf3 d5 3. e5 c5 4. b4 cxb4 5. a3 bxa3 6. Nxa3 Nc6 7. d4 Be7 8. c3 Nh6 9. Bxh6 gxh6 10. Bd3 a6 11. 0-0 Rb8 12. c4 dxc4 13. Nxc4 b5 14. Ne3 Nb4 15. Be4 Bb7 16. Bxb7 Rxb7 17. Qd2 a5 18. d5 Nxd5 19. Nxd5 Qxd5 20. Qxa5 0-0 21. Rfd1 Qc5 22. Qd2 Rd8 23. Qxh6 Rxd1+ 24. Rxd1 Qc2 25. Rc1 Rd7 26. h4 Rd1+ 27. Rxd1 Qxd1+ 28. Kh2 b4 29. Qf4 b3 30. Qa4 Qd8 31. Qxb3 Bxh4 32. g3 Be7 33. Kg2 Kg7 34. Qc4 h5 35. Qe4 Qh8 36. Qb7 Qd8 37. Kh3 Bc5 38. Kg2 Qb6 39. Qe4 Qb2 40. Qe1 f6 41. exf6+ Kxf6 42. Nd2 Qd4 43. Qe2 Qd5+ 44. Ne4+ Kg7 45. Qf3 Be7 46. Qe3 Kg6 47. Kh2 Qe5 48. f4 Qd5 49. Nc3 Qc6 50. Ne2 Bc5 51. Qd3+ Kh6 52. f5 exf5 53. Qxf5 Qa6 54. Nf4 Qd6 55. Qxh5+ Kg7 56. Qxc5 Qd2+ 57. Kh3 Qd7+ 58. Kh4 1-0

[Event "Santa Fe Litoral op"]
[Site "Santa Fe"]
[Date "2018.10.27"]
[Round "3.6"]
[White "Coro, Lucas"]
[Black "Lares, Agustin Jose"]
[Result "1-0"]
[WhiteElo "2311"]
[BlackElo "2150"]
[PlyCount "43"]
[EventDate "2018.10.26"]
[EventType "swiss"]
[EventRounds "6"]
[EventCountry "ARG"]
[SourceTitle "EXT 2024"]
[Source "ChessBase"]
[SourceDate "2023.10.10"]
[SourceVersion "1"]
[SourceVersionDate "2023.10.10"]
[SourceQuality "1"]

1. e4 e5 2. Nf3 Nf6 3. Nxe5 d6 4. Nf3 Nxe4 5. Nc3 Nxc3 6. dxc3 Be7 7. Be3 0-0 8. Qd2 Qe8 9. 0-0-0 Qa4 10. Kb1 Nc6 11. Bd3 Ne5 12. Nxe5 dxe5 13. Qe2 Be6 14. a3 Rad8 15. f3 Qa5 16. h4 Rd7 17. h5 Rfd8 18. c4 Bxa3 19. bxa3 Qxa3 20. Bc1 Qa5 21. Bb2 f6 22. Qe4 1-0

[Event "Parana Dos Orillas 7th"]
[Site "Parana"]
[Date "2018.08.04"]
[Round "3.6"]
[White "Abdenur, Luciano"]
[Black "Lares, Agustin Jose"]
[Result "1-0"]
[WhiteElo "1936"]
[BlackElo "2172"]
[PlyCount "51"]
[EventDate "2018.08.03"]
[EventType "swiss"]
[EventRounds "6"]
[EventCountry "ARG"]
[SourceTitle "EXT 2024"]
[Source "ChessBase"]
[SourceDate "2023.10.10"]
[SourceVersion "1"]
[SourceVersionDate "2023.10.10"]
[SourceQuality "1"]

1. e4 e5 2. Nf3 Nc6 3. d4 exd4 4. Nxd4 Bb4+ 5. c3 Bc5 6. Nxc6 bxc6 7. Bd3 Qh4 8. Qe2 Ne7 9. Be3 Bb6 10. Nd2 0-0 11. e5 Bxe3 12. Qxe3 Nd5 13. Qg3 Qxg3 14. hxg3 h6 15. 0-0-0 Bb7 16. Nf3 Rfe8 17. c4 Nb6 18. Rh5 c5 19. g4 Re7 20. Nh4 g6 21. Rxh6 Rxe5 22. Rh1 Be4 23. f4 Bxd3 24. fxe5 Bxc4 25. Nf5 gxf5 26. gxf5 1-0

[Event "Buenos Aires Guimard Memorial 4th"]
[Site "Buenos Aires"]
[Date "2016.10.10"]
[Round "6"]
[White "Amura, Claudia Noemi"]
[Black "Lares, Agustin Jose"]
[Result "1/2-1/2"]
[WhiteElo "2273"]
[BlackElo "2159"]
[PlyCount "71"]
[EventDate "2016.10.08"]
[EventType "swiss"]
[EventRounds "7"]
[EventCountry "ARG"]
[SourceTitle "CBM 175 Extra"]
[Source "ChessBase"]
[SourceDate "2016.12.12"]
[SourceVersion "1"]
[SourceVersionDate "2016.12.12"]
[SourceQuality "1"]

1. d4 Nf6 2. Nc3 e6 3. g3 d5 4. Bg2 Be7 5. e4 dxe4 6. Nxe4 Nxe4 7. Bxe4 Nd7 8. Ne2 Rb8 9. Nf4 Nf6 10. Bf3 0-0 11. 0-0 Qd6 12. Be3 b6 13. c3 Bb7 14. Bxb7 Rxb7 15. Qf3 c6 16. Rfe1 Rd8 17. a4 Bf8 18. h4 Nd5 19. Nd3 Ne7 20. Bg5 f6 21. Be3 Qd5 22. Qg4 Qf5 23. Qe2 e5 24. g4 Qd7 25. Rad1 e4 26. Nf4 Ng6 27. Ng2 Re8 28. h5 Nh8 29. Bf4 Qc8 30. f3 Rbe7 31. fxe4 Rxe4 32. Qf3 Rxe1+ 33. Rxe1 Rxe1+ 34. Nxe1 Nf7 35. Ng2 Qe6 36. Ne3 1/2-1/2

[Event "Buenos Aires Guimard Memorial 4th"]
[Site "Buenos Aires"]
[Date "2016.10.08"]
[Round "2"]
[White "Lares, Agustin Jose"]
[Black "Juarez, Facundo Andres"]
[Result "0-1"]
[WhiteElo "2159"]
[BlackElo "1717"]
[PlyCount "72"]
[EventDate "2016.10.08"]
[EventType "swiss"]
[EventRounds "7"]
[EventCountry "ARG"]
[SourceTitle "CBM 175 Extra"]
[Source "ChessBase"]
[SourceDate "2016.12.12"]
[SourceVersion "1"]
[SourceVersionDate "2016.12.12"]
[SourceQuality "1"]

1. e4 c5 2. Nf3 e6 3. g3 a6 4. Bg2 Qc7 5. 0-0 d6 6. c3 Nf6 7. Re1 Nbd7 8. a4 b6 9. d4 Bb7 10. d5 e5 11. Nh4 g6 12. Na3 Bg7 13. c4 0-0 14. a5 Rab8 15. axb6 Nxb6 16. Bd2 Bc8 17. Ba5 Bg4 18. f3 Bd7 19. Qe2 Qb7 20. Rab1 Qc8 21. Rec1 Nh5 22. Kh1 f5 23. exf5 g5 24. f4 gxh4 25. Qxh5 hxg3 26. b4 Rf6 27. Bxb6 Rxb6 28. bxc5 Rxb1 29. Rxb1 Rh6 30. Qf3 Rxh2+ 31. Kg1 Qxc5+ 32. Kf1 exf4 33. Rb3 Be5 34. Rb8+ Kf7 35. Rb7 Ke8 36. f6 Bg4 0-1

[Event "San Luis Don Lucero Cup 1st"]
[Site "San Luis"]
[Date "2016.01.16"]
[Round "3"]
[White "Martino, Hugo"]
[Black "Lares, Agustin Jose"]
[Result "0-1"]
[WhiteElo "2275"]
[BlackElo "2115"]
[PlyCount "116"]
[EventDate "2016.01.15"]
[EventType "swiss"]
[EventRounds "6"]
[EventCountry "ARG"]
[SourceTitle "EXT 2017"]
[Source "ChessBase"]
[SourceDate "2016.10.25"]
[SourceVersion "1"]
[SourceVersionDate "2016.10.25"]
[SourceQuality "1"]

1. Nf3 Nf6 2. g3 b6 3. Bg2 Bb7 4. d3 d5 5. 0-0 Nbd7 6. Bf4 e6 7. Re1 Bd6 8. Bxd6 cxd6 9. d4 0-0 10. c3 b5 11. Na3 Qb6 12. Nc2 a5 13. a3 Qc7 14. Nd2 Nb6 15. Rb1 h6 16. Bf1 Bc6 17. f3 e5 18. e3 Rab8 19. f4 Bd7 20. Be2 Rfe8 21. Nf3 exf4 22. exf4 Nc4 23. Nd2 Bf5 24. g4 Nxd2 25. Qxd2 Bxg4 26. Bxg4 Nxg4 27. Qg2 Nf6 28. Ne3 Qd7 29. f5 b4 30. axb4 axb4 31. Nxd5 Qxf5 32. Nxf6+ Qxf6 33. Rxe8+ Rxe8 34. Rf1 Qe6 35. cxb4 Qe3+ 36. Qf2 Qg5+ 37. Qg2 Qxg2+ 38. Kxg2 Rb8 39. Rf2 Rxb4 40. Rd2 f5 41. Kf3 Kf7 42. Ke2 Rb3 43. Kd1 Ke6 44. Kc2 Rb7 45. Kc3 Rc7+ 46. Kd3 g5 47. b4 f4 48. Rb2 Rb7 49. Rb1 g4 50. Rb2 h5 51. Rb1 f3 52. Rb2 Rb8 53. Rb1 Rb7 54. Rb2 Re7 55. Rb3 h4 56. Rb2 g3 57. hxg3 hxg3 58. b5 g2 0-1

[Event "Concordia Trabajadores"]
[Site "Concordia"]
[Date "2015.05.03"]
[Round "7"]
[White "Lares, Agustin Jose"]
[Black "Petrich, Pedro Bautista"]
[Result "1-0"]
[WhiteElo "2083"]
[BlackElo "1571"]
[PlyCount "69"]
[EventDate "2015.05.01"]
[EventType "swiss"]
[EventRounds "7"]
[EventCountry "ARG"]
[SourceTitle "EXT 2023"]
[Source "ChessBase"]
[SourceDate "2022.10.05"]
[SourceVersion "1"]
[SourceVersionDate "2022.10.05"]
[SourceQuality "1"]

1. e4 c5 2. Nf3 d6 3. Bb5+ Bd7 4. Bxd7+ Qxd7 5. 0-0 Nc6 6. c3 Nf6 7. Re1 g6 8. d4 cxd4 9. cxd4 Bg7 10. d5 Ne5 11. Nxe5 dxe5 12. Nd2 0-0 13. Nf3 Ne8 14. b3 Rd8 15. Bb2 f6 16. Rc1 Rc8 17. Rxc8 Qxc8 18. Ba3 Nd6 19. Bxd6 exd6 20. Qc1 Qd7 21. Re2 Rc8 22. Rc2 Rxc2 23. Qxc2 Bh6 24. g3 Kf7 25. Kg2 Bg7 26. Nd2 f5 27. Nc4 Bf6 28. exf5 b5 29. fxg6+ hxg6 30. Nd2 Qb7 31. Qd3 a5 32. Ne4 Be7 33. h4 a4 34. h5 gxh5 35. Nxd6+ 1-0

[Event "Rio Tercero CF 60 years"]
[Site "Rio Tercero"]
[Date "2012.04.28"]
[Round "1"]
[White "Lares, Agustin Jose"]
[Black "Beron, Ricardo"]
[Result "1-0"]
[WhiteElo "2056"]
[BlackElo "1712"]
[PlyCount "103"]
[EventDate "2012.04.28"]
[EventType "swiss"]
[EventRounds "9"]
[EventCountry "ARG"]
[SourceTitle "EXT 2013"]
[Source "ChessBase"]
[SourceDate "2012.11.22"]
[SourceVersion "1"]
[SourceVersionDate "2012.11.22"]
[SourceQuality "1"]

1. e4 d6 2. Nc3 g6 3. Nf3 e5 4. d4 Nd7 5. Bc4 h6 6. Be3 Ngf6 7. h3 c5 8. dxe5 dxe5 9. Qd2 a6 10. a4 Qb6 11. 0-0 Qd6 12. Qc1 Nb6 13. Rd1 Qc7 14. Bb3 Bg7 15. a5 Nbd7 16. Qd2 0-0 17. Bxh6 c4 18. Bxg7 Kxg7 19. Ba2 Nc5 20. Nd5 Nxd5 21. Qxd5 Be6 22. Qxe5+ Qxe5 23. Nxe5 Nxe4 24. Bxc4 Bxc4 25. Nxc4 Rfd8 26. f3 Nf6 27. Nb6 Rxd1+ 28. Rxd1 Re8 29. Kf2 Re7 30. Rd6 Re8 31. c3 Rh8 32. Nd7 Nxd7 33. Rxd7 Rh5 34. b4 Rb5 35. Ke3 Kf6 36. Kd4 Ke6 37. Rc7 Rd5+ 38. Ke3 Re5+ 39. Kf2 Rb5 40. g4 g5 41. f4 f6 42. f5+ Kd6 43. Rf7 Ke5 44. Ke3 b6 45. Rb7 bxa5 46. Rxb5+ axb5 47. bxa5 Kd5 48. Kd3 Kc5 49. Ke4 Kc6 50. Kd4 Kb7 51. Kc5 Ka6 52. Kb4 1-0